书目信息 |
| 题名: |
流体力学泵与风机
|
|
| 作者: | 刘立 主编 | |
| 分册: | ||
| 出版信息: | 北京 中国电力出版社 2007.09 |
|
| 页数: | 217页 | |
| 开本: | 26cm | |
| 丛书名: | ||
| 单 册: | ||
| 中图分类: | O35 | |
| 科图分类: | ||
| 主题词: | 流体力学--liu ti li xue--高等教育--教材 , 泵--beng--高等教育--教材 | |
| 电子资源: | ||
| ISBN: | 978-7-5083-6033-1 | |
| 000 | 01031nam0 2200289 450 | |
| 001 | 012008746696 | |
| 005 | 20201027101958.98 | |
| 010 | @a978-7-5083-6033-1@dCNY22.00 | |
| 100 | @a20080223d2007 em y0chiy0120 ea | |
| 101 | 0 | @achi |
| 102 | @aCN@b110000 | |
| 105 | @aak a 000yy | |
| 200 | 1 | @a流体力学泵与风机@Aliu ti li xue beng yu feng ji@f刘立主编@Fliu li zhu bian |
| 205 | @a第2版 | |
| 210 | @a北京@c中国电力出版社@d2007.09 | |
| 215 | @a217页@c图@d26cm | |
| 300 | @a普通高等教育“十一五”规划教材 (高职高专教育) | |
| 312 | @a英文并列题名取自封面 | |
| 320 | @a有书目 (第217页) | |
| 330 | @a本书共分为上下两篇,上篇为流体力学,内容包括流体静力学、一元流体动力学等;下篇为泵与风机,内容包括离心式泵与风机的分类与构造、离心式泵与风机的理论基础等。 | |
| 510 | 1 | @aFluid mechanics pumps and fans@zeng |
| 606 | 0 | @a流体力学@Aliu ti li xue@x高等教育@j教材 |
| 606 | 0 | @a泵@Abeng@x高等教育@j教材 |
| 690 | @aO35@v4 | |
| 701 | 0 | @a刘立@Aliu li@4主编 |
| 801 | 0 | @aCN@bQSSK@c20080510 |
| 905 | @b709002-06@dO35@eL643@f5 | |
| 流体力学泵与风机/刘立主编.-第2版.-北京:中国电力出版社,2007.09 |
| 217页:图;26cm |
| 普通高等教育“十一五”规划教材 (高职高专教育) |
| ISBN 978-7-5083-6033-1:CNY22.00 |
| 本书共分为上下两篇,上篇为流体力学,内容包括流体静力学、一元流体动力学等;下篇为泵与风机,内容包括离心式泵与风机的分类与构造、离心式泵与风机的理论基础等。 |
| ● |
| 相关链接 |
|
|
|
正题名:流体力学泵与风机
索取号:O35/L643
 
预约/预借
| 序号 | 登录号 | 条形码 | 馆藏地/架位号 | 状态 | 备注 |
| 1 | 1499418 | 214994185 | 自科库401/401自科库 53排3列5层/ [索取号:O35/L643] | 在馆 | |
| 2 | 709002 | 207090020 | 自科库401/401自科库 53排3列5层/ [索取号:O35/L643] | 在馆 | |
| 3 | 709003 | 207090039 | 自科库401/401自科库 53排3列5层/ [索取号:O35/L643] | 在馆 | |
| 4 | 709004 | 207090048 | 自科二线504/504自科库 50排2列6层/ [索取号:O35/L643] | 在馆 | |
| 5 | 709005 | 207090057 | 自科二线504/504自科库 50排2列4层/ [索取号:O35/L643] | 在馆 | |
| 6 | 709006 | 207090066 | 自科库401/401自科库 53排3列5层/ [索取号:O35/L643] | 在馆 |